| 000 | 00000nam##2200000za#4500 |
| 001 | 9.577141 |
| 003 | CaOODSP |
| 005 | 20210624185454 |
| 007 | cr ||||||||||| |
| 008 | 150406|1992||||xxc|||||o f|0| 0 eng|d |
| 040 | |aCaOODSP|beng |
| 043 | |an-cn--- |
| 086 | 1 |aFs97-13/888E-PDF |
| 110 | 1 |aCanada. |bDepartment of Fisheries and Oceans. |
| 245 | 10|aCreel census and biological data from the subsistence and sport fisheries for Arctic charr, Salvelinus alpinus (L.), at Diana River, Northwest Territories, 1984-86 / |h[electronic resource]|cby G.W. Carder. |
| 260 | |aWinnipeg - Manitoba : |bFisheries and Oceans Canada |c1992. |
| 300 | |a26p.|bfigs., references, tables |
| 490 | 1 |aCanadian data report of fisheries and aquatic sciences|vNo. 888 |
| 500 | |aOn t.p.: Central and Arctic Region, Winnipeg, Manitoba. Catalogue number and ISSN of the print edition appear in the PDF version. |
| 546 | |a(Résumé en français) |
| 590 | |a13-19-Supp|b2013-08-14 |
| 720 | 1 |aCarder, G. W. |
| 830 | #0|aCanadian data report of fisheries and aquatic sciences ;|vNo. 888|w(CaOODSP)9.505124 |
| 856 | 40|ahttp://publications.gc.ca|qPDF|s333 KB|uhttps://publications.gc.ca/collections/collection_2013/mpo-dfo/Fs97-13-888-eng.pdf|yNo. 888 |